000 00984nam a2200265 a 4500
001 000042731
003 DO-SdBNP
005 20230214100320.0
007 ta
008 140206s2011 dr a 001 0 spa d
020 _a9789945475104
040 _aDO-SdBNP
_bspa
_cBNPHU
082 4 _a945.63
_bD632r
_222
100 1 _aDobal Márquez, Carlos,
_d1926-2011
_958942
245 1 0 _aRoma inaudita /
_cCarlos Dobal Márquez.
260 _aSanto Domingo :
_bFerilibro,
_c2011.
300 _a227 p. :
_bilustraciones ;
_c23 cm.
505 0 _aPresentación /
_rCésar Iván Feris Iglesias --
_tConociendo una Roma desconocida --
_tRoma diaria y secular --
_tRoma papal, diplomática, aristocrática y cultural --
_tDesde Roma: viajes y poemas.
590 _aInventariado, 2020/YL
651 4 _aRoma
_xDescripciones y viajes
_970049
651 4 _aRoma
_xHistoria
_910862
651 4 _aCiudad del Vaticano
_xDescripción
_970050
910 _aValidado. Control de calidad EMS.
942 _2ddc
_cLBS1
999 _c42220
_d42220